[Event "ESP-chT Div I 2018"]
[Site "Linares"]
[Date "2018.08.12"]
[Round "7"]
[White "Garcia-Castany Musellas, Gal la"]
[Black "Perez De Aranda A, Leonardo I"]
[Result "1/2-1/2"]
[WhiteElo "2203"]
[BlackElo "2107"]
[Annotator "NA"]
[PlyCount "171"]
[EventDate "2018.08.06"]
[EventType "team-tourn"]
[EventCountry "ESP"]
[SourceTitle "playchess.com"]
[Source "ChessBase"]
[SourceQuality "1"]
[TimeControl "40/5400+30:1800+30"]

1. e4 {[%emt 0:00:00]} c5 {[%emt 0:00:11]} 2. Nf3 {[%emt 0:00:00]} d6 {[%emt 0:00:10]} 3. d4 {[%emt 0:00:29]} cxd4 {[%emt 0:00:05]} 4. Qxd4 {[%emt 0:00:29]} a6 {[%emt 0:02:08]} 5. c4 {[%emt 0:02:09]} Nc6 {[%emt 0:00:45]} 6. Qe3 {[%emt 0:00:17]} Nf6 {[%emt 0:01:54]} 7. h3 {[%emt 0:00:24]} e6 {[%emt 0:03:21]} 8. Be2 {[%emt 0:01:30]} Be7 {[%emt 0:04:30]} 9. O-O {[%emt 0:00:53]} O-O {[%emt 0:04:02]} 10. Nc3 {[%emt 0:01:19]} b6 {[%emt 0:18:28]} 11. Rd1 {[%emt 0:06:53]} Qc7 {[%emt 0:00:44]} 12. b3 {[%emt 0:00:29]} Bb7 {[%emt 0:02:08]} 13. Ba3 {[%emt 0:02:45]} d5 {[%emt 0:07:29]} 14. Bxe7 {[%emt 0:05:44]} Nxe7 {[%emt 0:00:26]} 15. cxd5 {[%emt 0:03:07]} exd5 {[%emt 0:00:51]} 16. Rac1 {[%emt 0:01:31]} Qc5 {[%emt 0:21:42]} 17. Nd4 {[%emt 0:08:11]} dxe4 {[%emt 0:13:36]} 18. Nxe4 {[%emt 0:06:03]} Qe5 {[%emt 0:00:17]} 19. Nxf6+ {[%emt 0:12:24]} Qxf6 {[%emt 0:00:09]} 20. Bf3 {[%emt 0:01:31]} Bxf3 {[%emt 0:00:08]} 21. Qxf3 {[%emt 0:06:53]} Qxf3 {[%emt 0:01:52]} 22. Nxf3 {[%emt 0:00:27]} Rac8 {[%emt 0:08:42]} 23. Rxc8 {[%emt 0:01:17]} Rxc8 {[%emt 0:00:02]} 24. Rd6 {[%emt 0:01:10]} Nc6 {[%emt 0:00:41]} 25. Ng5 {[%emt 0:03:29]} h6 {[%emt 0:01:31]} 26. Ne4 {[%emt 0:01:33]} Rc7 {[%emt 0:00:15]} 27. Ng3 {[%emt 0:13:15]} Kf8 {[%emt 0:02:04]} 28. Nf5 {[%emt 0:00:36]} h5 {[%emt 0:00:33]} 29. Ne3 {[%emt 0:04:18]} Ke7 {[%emt 0:01:03]} 30. Rd2 {[%emt 0:02:46]} Rb7 {[%emt 0:00:40]} 31. Nf5+ {[%emt 0:02:32]} Kf8 {[%emt 0:02:01]} 32. Rc2 {[%emt 0:03:44]} Ne7 {[%emt 0:00:39]} 33. Ne3 {[%emt 0:04:22]} g6 {[%emt 0:00:28]} 34. Kf1 {[%emt 0:01:09]} Rd7 {[%emt 0:00:46]} 35. Ke2 {[%emt 0:00:54]} Nd5 {[%emt 0:02:00]} 36. Rc6 {[%emt 0:02:42]} Rc7 {[%emt 0:00:39]} 37. Rd6 {[%emt 0:00:32]} Nxe3 {[%emt 0:00:16]} 38. Kxe3 {[%emt 0:00:04]} Rc2 {[%emt 0:00:36]} 39. Rxb6 {[%emt 0:00:44]} Rxa2 {[%emt 0:00:02]} 40. Rb7 {[%emt 0:00:10]} Kg7 {[%emt 0:00:34]} 41. g4 {[%emt 0:30:14]} h4 {[%emt 0:30:35]} 42. g5 {[%emt 0:01:05]} a5 {[%emt 0:00:36]} 43. Kf3 {[%emt 0:00:36]} a4 {[%emt 0:00:59]} 44. bxa4 {[%emt 0:00:36]} Rxa4 {[%emt 0:00:08]} 45. Re7 {[%emt 0:00:13]} Kf8 {[%emt 0:00:58]} 46. Re4 {[%emt 0:00:19]} Ra5 {[%emt 0:00:37]} 47. Kg4 {[%emt 0:00:18]} f5+ {[%emt 0:00:16]} 48. gxf6 {[%emt 0:00:10]} Kf7 {[%emt 0:00:32]} 49. Rb4 {[%emt 0:00:54]} Kxf6 {[%emt 0:00:36]} 50. Rb6+ {[%emt 0:00:09]} Kg7 {[%emt 0:00:06]} 51. Kxh4 {[%emt 0:00:06]} Ra4+ {[%emt 0:00:22]} 52. Kg5 {[%emt 0:00:12]} Ra5+ {[%emt 0:00:05]} 53. Kg4 {[%emt 0:00:04]} Ra4+ {[%emt 0:00:11]} 54. f4 {[%emt 0:00:07]} Ra1 {[%emt 0:00:14]} 55. Kf3 {[%emt 0:01:08]} Ra3+ {[%emt 0:00:11]} 56. Kg4 {[%emt 0:00:27]} Ra1 {[%emt 0:00:06]} 57. Rb3 {[%emt 0:00:31]} Kf6 {[%emt 0:01:04]} 58. Kf3 {[%emt 0:01:36]} Ra6 {[%emt 0:01:14]} 59. Rd3 {[%emt 0:00:35]} Rb6 {[%emt 0:00:12]} 60. Ke4 {[%emt 0:00:37]} Re6+ {[%emt 0:00:41]} 61. Kf3 {[%emt 0:00:39]} Rb6 {[%emt 0:00:05]} 62. Rc3 {[%emt 0:00:04]} Ra6 {[%emt 0:00:09]} 63. Ke4 {[%emt 0:00:34]} Re6+ {[%emt 0:00:14]} 64. Kf3 {[%emt 0:00:55]} Rb6 {[%emt 0:00:01]} 65. h4 {[%emt 0:00:04]} Ra6 {[%emt 0:00:11]} 66. Rc5 {[%emt 0:01:08]} Ra3+ {[%emt 0:01:51]} 67. Kg4 {[%emt 0:00:06]} Ra6 {[%emt 0:00:06]} 68. h5 {[%emt 0:00:05]} gxh5+ {[%emt 0:00:12]} 69. Rxh5 {[%emt 0:00:15]} Kg7 {[%emt 0:01:09]} 70. Rf5 {[%emt 0:01:17]} Kg6 {[%emt 0:01:33]} 71. Rb5 {[%emt 0:00:46]} Kf6 {[%emt 0:00:44]} 72. Rb4 {[%emt 0:00:16]} Kg6 {[%emt 0:00:30]} 73. Rb1 {[%emt 0:00:39]} Kf6 {[%emt 0:00:13]} 74. Rh1 {[%emt 0:00:04]} Kg7 {[%emt 0:00:44]} 75. Kg5 {[%emt 0:00:04]} Ra5+ {[%emt 0:00:57]} 76. f5 {[%emt 0:00:02]} Ra6 {[%emt 0:00:15]} 77. Rb1 {[%emt 0:00:42]} Kf7 {[%emt 0:00:37]} 78. Rb7+ {[%emt 0:00:05]} Kf8 {[%emt 0:00:18]} 79. Rd7 {[%emt 0:01:22]} Rb6 {[%emt 0:00:25]} 80. Rh7 {[%emt 0:00:30]} Kg8 {[%emt 0:00:20]} 81. Re7 {[%emt 0:00:27]} Kf8 {[%emt 0:00:18]} 82. f6 {[%emt 0:01:01]} Rb1 {[%emt 0:00:44]} 83. Re5 {[%emt 0:00:35]} Rg1+ {[%emt 0:00:17]} 84. Kf5 {[%emt 0:00:06]} Ra1 {[%emt 0:00:40]} 85. Rb5 {[%emt 0:00:43]} Rf1+ {[%emt 0:00:35]} 86. Ke4 1/2-1/2

[Event "ESP-chT Div I 2018"]
[Site "Linares"]
[Date "2018.08.12"]
[Round "7"]
[White "Gonzalez Laso, Adrian"]
[Black "Shvayger, Yuliya"]
[Result "1-0"]
[WhiteElo "2168"]
[BlackElo "2390"]
[Annotator "NA"]
[PlyCount "35"]
[EventDate "2018.08.06"]
[EventType "team-tourn"]
[EventCountry "ESP"]
[SourceTitle "playchess.com"]
[Source "ChessBase"]
[SourceQuality "1"]
[TimeControl "40/5400+30:1800+30"]

1. e4 {[%emt 0:00:00]} c5 {[%emt 0:00:00]} 2. Nc3 {[%emt 0:00:00]} Nc6 {[%emt 0:00:17]} 3. g3 {[%emt 0:00:00]} g6 {[%emt 0:00:40]} 4. Bg2 {[%emt 0:00:00]} Bg7 {[%emt 0:00:03]} 5. d3 {[%emt 0:00:11]} d6 {[%emt 0:01:30]} 6. f4 {[%emt 0:00:50]} e6 {[%emt 0:01:20]} 7. Nf3 {[%emt 0:00:07]} Nge7 {[%emt 0:01:55]} 8. O-O {[%emt 0:00:11]} O-O {[%emt 0:00:38]} 9. Be3 {[%emt 0:00:09]} Nd4 {[%emt 0:03:00]} 10. Qd2 {[%emt 0:00:19]} Rb8 {[%emt 0:04:31]} 11. Nh4 {[%emt 0:00:20]} b5 {[%emt 0:03:12]} 12. Nd1 {[%emt 0:00:31]} f5 {[%emt 0:04:02]} 13. c3 {[%emt 0:00:23]} Ndc6 {[%emt 0:00:02]} 14. exf5 {[%emt 0:00:10]} gxf5 {[%emt 0:02:11]} 15. Re1 {[%emt 0:01:21]} b4 {[%emt 0:02:29]} 16. Nf3 {[%emt 0:04:55]} bxc3 {[%emt 0:01:33]} 17. bxc3 {[%emt 0:00:07]} Qa5 {[%emt 0:02:37]} 18. Rc1 {[%emt 0:00:13]} 1-0

[Event "ESP-chT Div I 2018"]
[Site "Linares"]
[Date "2018.08.12"]
[Round "7"]
[White "Rodrigo Yanguas, Maria"]
[Black "Martin Capitan, Feliciano"]
[Result "0-1"]
[WhiteElo "2062"]
[BlackElo "2066"]
[Annotator "NA"]
[PlyCount "62"]
[EventDate "2018.08.06"]
[EventType "team-tourn"]
[EventCountry "ESP"]
[SourceTitle "playchess.com"]
[Source "ChessBase"]
[SourceQuality "1"]
[TimeControl "40/5400+30:1800+30"]

1. e4 {[%emt 0:00:00]} e5 {[%emt 0:00:00]} 2. Nf3 {[%emt 0:00:00]} Nc6 {[%emt 0:00:32]} 3. c3 {[%emt 0:00:00]} d5 {[%emt 0:14:03]} 4. Qa4 {[%emt 0:00:11]} Bd7 {[%emt 0:05:17]} 5. exd5 {[%emt 0:06:00]} Nd4 {[%emt 0:00:29]} 6. Qd1 {[%emt 0:01:11]} Nxf3+ {[%emt 0:00:27]} 7. Qxf3 {[%emt 0:00:35]} Nf6 {[%emt 0:00:37]} 8. h3 {[%emt 0:08:52]} e4 {[%emt 0:25:59]} 9. Qe3 {[%emt 0:03:07]} Bd6 {[%emt 0:08:29]} 10. d4 {[%emt 0:09:38]} O-O {[%emt 0:04:22]} 11. Bc4 {[%emt 0:06:14]} Qe7 {[%emt 0:06:21]} 12. O-O {[%emt 0:01:19]} Rae8 {[%emt 0:01:57]} 13. a4 {[%emt 0:06:22]} h6 {[%emt 0:03:35]} 14. Qe2 {[%emt 0:12:38]} Nh7 {[%emt 0:04:16]} 15. Na3 {[%emt 0:08:18]} f5 {[%emt 0:03:18]} 16. Nb5 {[%emt 0:03:24]} f4 {[%emt 0:00:46]} 17. Nxd6 {[%emt 0:01:01]} cxd6 {[%emt 0:03:29]} 18. Bb5 {[%emt 0:01:40]} Ng5 {[%emt 0:03:52]} 19. Bxd7 {[%emt 0:00:23]} Qxd7 {[%emt 0:00:42]} 20. Qh5 {[%emt 0:08:49]} Rf5 {[%emt 0:04:13]} 21. Qg4 {[%emt 0:04:12]} Qf7 {[%emt 0:00:43]} 22. h4 {[%emt 0:00:50]} h5 {[%emt 0:02:17]} 23. Qd1 {[%emt 0:00:39]} Nh7 {[%emt 0:00:57]} 24. c4 {[%emt 0:01:38]} g5 {[%emt 0:00:25]} 25. g3 {[%emt 0:04:28]} e3 {[%emt 0:03:29]} 26. fxe3 {[%emt 0:01:11]} fxg3 {[%emt 0:00:59]} 27. Rxf5 {[%emt 0:02:13]} Qxf5 {[%emt 0:00:02]} 28. Qf1 {[%emt 0:00:28]} Qg4 {[%emt 0:00:18]} 29. e4 {[%emt 0:04:42]} Rf8 {[%emt 0:00:32]} 30. Qe1 {[%emt 0:04:08]} Qxh4 {[%emt 0:00:44]} 31. Qe2 {[%emt 0:00:40]} Rf1+ {[%emt 0:00:59]} 0-1

[Event "ESP-chT Div I 2018"]
[Site "Linares"]
[Date "2018.08.12"]
[Round "7"]
[White "Vergara Anton, Diego"]
[Black "Cramling, Pia"]
[Result "0-1"]
[WhiteElo "2022"]
[BlackElo "2453"]
[Annotator "TA"]
[PlyCount "156"]
[EventDate "2018.08.06"]
[EventType "team-tourn"]
[EventCountry "ESP"]
[SourceTitle "playchess.com"]
[Source "ChessBase"]
[SourceQuality "1"]

{[%evp 16,156,0,10,8,0,14,15,77,30,30,-4,51,-30,-14,-14,0,0,0,0,0,0,21,23,29,29,22,4,18,0,0,0,0,0,13,-59,-64,-102,-102,-102,-102,-111,-101,-172,-157,-160,-46,-49,-49,-49,-49,-49,-49,-49,-35,-52,-43,-43,-28,-42,-44,-44,-44,-74,-77,-117,-114,-150,-138,-192,-150,-276,-141,-139,-114,-114,-114,-114,-50,-65,-65,-65,-65,-383,-377,-295,-49,-50,-50,-58,-50,-114,-65,-114,-114,-114,-65,-114,-65,-65,-65,-65,-65,-112,-65,-65,-65,-65,-65,-65,-65,-65,-19,-104,-100,-100,-100,-103,-92,-1216,-1170,-1815,-1801,-2261,-2239,-5954,-2523,-29981,-29976,-29976,-29977,-29977,-29978,-29978,-29979,-29979,-29980,-29980,-29981,-29981,-29982,-29982,-29983]} 1. d4 Nf6 2. Nf3 e6 3. g3 b5 4. a4 b4 5. c4 bxc3 6. Nxc3 d5 7. Bg2 Be7 8. O-O O-O {A46: 1 d4 Nf6 2 Nf3 e6: Torre, London and Colle Systems} 9. Ne5 {LiveBook: 6 Games} (9. Bf4 Na6 10. Ne5 Bb7 11. Qb3 Rb8 12. Nb5 Nh5 13. Nxa7 Nxf4 14. gxf4 Nb4 15. Rfc1 Bd6 16. Qc3 {1-0 (63) Vidit,S (2625)-Sengupta,D (2566) Al Ain 2014}) 9... Ba6 10. Re1 c6 {The position is equal.} 11. e4 $146 ({Predecessor:} 11. Rb1 Qc8 12. b4 Nbd7 13. e4 Re8 14. Bd2 Nxe5 15. dxe5 Nxe4 16. Nxe4 dxe4 17. Bxe4 {1-0 (53) Davtyan,D (1926)-Ruperez,M (2226) Barcelona 2018}) 11... Qa5 (11... Bb7 $11 {keeps the balance.}) 12. exd5 cxd5 13. Na2 Rc8 (13... Qd8 $11) 14. Bd2 ({Better is} 14. Bh3 $14) 14... Qb6 $11 15. Bc3 Bb7 16. a5 Qd8 17. Qb3 Ba6 18. Nb4 Bxb4 19. Bxb4 Nc6 20. Nxc6 Rxc6 21. Rac1 Rc4 22. Bf1 Rxc1 23. Rxc1 Bxf1 24. Kxf1 h5 25. Qc3 (25. Kg2 $11) 25... Ne4 $15 26. Qc7 Qf6 {[%csl Ge4][%cal Rf6f2]} 27. Qf4 Qxd4 28. Rc7 f6 $1 29. Bc3 (29. Be1 $17) 29... Qd3+ $1 $19 30. Kg2 a6 (30... d4 $1 $17 {[%cal Rd4c3]} 31. Rd7 e5) 31. Re7 Nxc3 32. bxc3 $15 {[%mdl 4096] Endgame KQR-KQR} e5 33. Qb4 Qe4+ 34. Qxe4 dxe4 {KR-KR} 35. Rc7 Rd8 36. Rc6 Rd3 37. c4 Rc3 38. c5 Kf7 39. Rxa6 Rxc5 40. Ra8 Kg6 41. a6 Ra5 42. Kf1 (42. Ra7 $17 {keeps fighting.}) 42... Ra2 43. a7 (43. Ra7 $17) 43... Kg5 (43... Kf5 $19 44. h3 e3 $1 {[%mdl 512]}) 44. h3 $17 h4 45. Rh8 Rxa7 46. Rxh4 Kf5 ({Black should try} 46... f5 $17 {Threatens to win with ...f4.} 47. Rh8 Ra1+ 48. Ke2 f4 49. gxf4+ exf4) 47. Rh5+ Ke6 48. Rh8 Ra2 49. Re8+ $2 {[%mdl 8192]} ({White should play} 49. Rg8 $15) 49... Kf5 $19 50. Rg8 {[#]} Kg6 $2 (50... e3 $1 $19 {[%mdl 512]} 51. fxe3 Ke4 52. Rxg7 Kf3) 51. Rb8 $15 Ra7 52. Rb3 Rd7 53. Re3 (53. Rb5 $15) 53... Rd4 54. Ke2 {[#]} f5 $1 55. Rb3 Rd6 56. Re3 Kg5 57. Rb3 g6 58. Rb5 Kf6 59. Ra5 Ke6 60. Ra8 Rb6 61. Re8+ Kd5 62. Rd8+ Rd6 63. Ra8 f4 64. Ra5+ (64. Rf8 $11) 64... Ke6 $17 65. Ra4 {[#]} Rd4 $1 {[%cal Rd4a4]} 66. Ra6+ Kf5 {Hoping for ...f3+.} 67. g4+ $2 {[%mdl 8192]} (67. gxf4 $17 exf4 68. Ra5+ Ke6 69. Rg5) 67... Kg5 $19 68. Ra5 Kh4 69. Rxe5 Kxh3 70. Rg5 Kg2 71. Rxg6 Rd3 {Black mates.} 72. Rf6 f3+ 73. Ke1 e3 74. fxe3 Rxe3+ 75. Kd2 Re8 76. g5 f2 77. g6 f1=Q 78. Rxf1 Kxf1 {Precision: White = 39%, Black = 47%.} 0-1

[Event "ESP-chT Div I 2018"]
[Site "Linares"]
[Date "2018.08.12"]
[Round "7"]
[White "Garcia Molina, Jose"]
[Black "Bermudez Revuelta, Paula"]
[Result "1-0"]
[WhiteElo "1969"]
[BlackElo "1887"]
[Annotator "NA"]
[PlyCount "97"]
[EventDate "2018.08.06"]
[EventType "team-tourn"]
[EventCountry "ESP"]
[SourceTitle "playchess.com"]
[Source "ChessBase"]
[SourceQuality "1"]
[TimeControl "40/5400+30:1800+30"]

1. d4 {[%emt 0:00:28]} d5 {[%emt 0:00:00]} 2. c4 {[%emt 0:00:05]} c6 {[%emt 0:00:00]} 3. Nc3 {[%emt 0:00:00]} Nf6 {[%emt 0:00:00]} 4. Nf3 {[%emt 0:00:00]} e6 {[%emt 0:00:00]} 5. Bf4 {[%emt 0:02:05]} dxc4 {[%emt 0:00:00]} 6. a4 {[%emt 0:00:11]} Bb4 {[%emt 0:00:24]} 7. Qc2 {[%emt 0:03:03]} Nd5 {[%emt 0:01:53]} 8. Bd2 {[%emt 0:00:34]} Qa5 {[%emt 0:00:46]} 9. e4 {[%emt 0:01:19]} Nxc3 {[%emt 0:00:27]} 10. bxc3 {[%emt 0:00:13]} Be7 {[%emt 0:01:20]} 11. Bxc4 {[%emt 0:05:54]} O-O {[%emt 0:00:37]} 12. e5 {[%emt 0:05:00]} h6 {[%emt 0:02:41]} 13. Qe4 {[%emt 0:03:28]} Nd7 {[%emt 0:06:34]} 14. Qg4 {[%emt 0:04:20]} Kh8 {[%emt 0:05:35]} 15. O-O {[%emt 0:01:37]} Nb6 {[%emt 0:08:39]} 16. Bd3 {[%emt 0:02:55]} Qd5 {[%emt 0:01:20]} 17. Be4 {[%emt 0:05:00]} Qd8 {[%emt 0:02:09]} 18. Qh5 {[%emt 0:00:29]} f5 {[%emt 0:01:27]} 19. exf6 {[%emt 0:00:10]} Rxf6 {[%emt 0:01:01]} 20. Ne5 {[%emt 0:01:30]} Kg8 {[%emt 0:02:42]} 21. Rae1 {[%emt 0:13:25]} Bd7 {[%emt 0:08:51]} 22. Re3 {[%emt 0:08:03]} Be8 {[%emt 0:01:23]} 23. Qh3 {[%emt 0:00:22]} Bd6 {[%emt 0:02:42]} 24. Rg3 {[%emt 0:02:59]} Kf8 {[%emt 0:01:47]} 25. f4 {[%emt 0:07:10]} Nd7 {[%emt 0:07:14]} 26. Nc4 {[%emt 0:03:28]} Bc7 {[%emt 0:03:34]} 27. Bc1 {[%emt 0:03:00]} Nb6 {[%emt 0:01:03]} 28. Qg4 {[%emt 0:00:43]} Qd7 {[%emt 0:04:28]} 29. Ba3+ {[%emt 0:01:24]} Kg8 {[%emt 0:00:21]} 30. Ne5 {[%emt 0:00:13]} Bxe5 {[%emt 0:00:27]} 31. dxe5 {[%emt 0:00:08]} Rf7 {[%emt 0:05:27]} 32. Qg6 {[%emt 0:00:15]} Rf5 {[%emt 0:00:52]} 33. Qxh6 {[%emt 0:01:44]} Rh5 {[%emt 0:00:47]} 34. Qf6 {[%emt 0:06:58]} Qf7 {[%emt 0:00:08]} 35. Qxf7+ {[%emt 0:02:09]} Bxf7 {[%emt 0:00:02]} 36. Rb1 {[%emt 0:00:20]} Nc4 {[%emt 0:01:08]} 37. Bc1 {[%emt 0:01:05]} Rd8 {[%emt 0:00:07]} 38. Bf3 {[%emt 0:00:24]} Rh4 {[%emt 0:01:25]} 39. Rxb7 {[%emt 0:03:44]} a5 {[%emt 0:01:20]} 40. h3 {[%emt 0:00:54]} Kf8 {[%emt 0:05:59]} 41. Kf2 {[%emt 0:31:27]} Nd2 {[%emt 0:31:37]} 42. Bxd2 {[%emt 0:00:37]} Rxd2+ {[%emt 0:00:04]} 43. Ke3 {[%emt 0:00:10]} Rc2 {[%emt 0:00:56]} 44. Rb8+ {[%emt 0:00:08]} Be8 {[%emt 0:04:32]} 45. Kd3 {[%emt 0:00:34]} Rf2 {[%emt 0:02:28]} 46. Bxc6 {[%emt 0:00:13]} Rfxf4 {[%emt 0:00:05]} 47. Rxe8+ {[%emt 0:00:18]} Kf7 {[%emt 0:00:04]} 48. Ra8 {[%emt 0:00:58]} Rc4 {[%emt 0:00:57]} 49. Be8+ {[%emt 0:00:20]} 1-0

[Event "ESP-chT Div I 2018"]
[Site "Linares"]
[Date "2018.08.12"]
[Round "7"]
[White "Gonzalez Guedes, Iyan"]
[Black "Cano Sanchez, Josue"]
[Result "0-1"]
[WhiteElo "1925"]
[BlackElo "2312"]
[Annotator "NA"]
[PlyCount "54"]
[EventDate "2018.08.06"]
[EventType "team-tourn"]
[EventCountry "ESP"]
[SourceTitle "playchess.com"]
[Source "ChessBase"]
[SourceQuality "1"]
[TimeControl "40/5400+30:1800+30"]

1. e4 {[%emt 0:00:00]} d6 {[%emt 0:00:00]} 2. d4 {[%emt 0:00:00]} Nf6 {[%emt 0:00:00]} 3. Nc3 {[%emt 0:00:00]} e5 {[%emt 0:00:25]} 4. Nf3 {[%emt 0:00:00]} Nbd7 {[%emt 0:00:09]} 5. Bc4 {[%emt 0:00:06]} Be7 {[%emt 0:00:19]} 6. O-O {[%emt 0:00:38]} O-O {[%emt 0:00:10]} 7. a4 {[%emt 0:00:05]} a5 {[%emt 0:00:14]} 8. Qe2 {[%emt 0:01:59]} c6 {[%emt 0:02:29]} 9. Ba2 {[%emt 0:01:40]} exd4 {[%emt 0:06:20]} 10. Nxd4 {[%emt 0:00:09]} Nc5 {[%emt 0:00:08]} 11. Rd1 {[%emt 0:08:09]} Qb6 {[%emt 0:05:05]} 12. e5 {[%emt 0:20:41]} dxe5 {[%emt 0:05:13]} 13. Qxe5 {[%emt 0:00:08]} Re8 {[%emt 0:00:30]} 14. Bg5 {[%emt 0:02:45]} Bg4 {[%emt 0:09:15]} 15. Re1 {[%emt 0:05:33]} Ncd7 {[%emt 0:03:27]} 16. Qf4 {[%emt 0:02:38]} Qxb2 {[%emt 0:03:28]} 17. Nce2 {[%emt 0:12:46]} Bxe2 {[%emt 0:01:15]} 18. Nxe2 {[%emt 0:00:30]} Bb4 {[%emt 0:22:16]} 19. Reb1 {[%emt 0:09:34]} Qxc2 {[%emt 0:01:29]} 20. Bxf6 {[%emt 0:02:30]} Nxf6 {[%emt 0:00:19]} 21. Nd4 {[%emt 0:00:48]} Qe4 {[%emt 0:00:31]} 22. Qxe4 {[%emt 0:00:43]} Rxe4 {[%emt 0:00:16]} 23. Nf5 {[%emt 0:04:13]} Re5 {[%emt 0:00:44]} 24. Ne3 {[%emt 0:02:41]} Bc3 {[%emt 0:00:15]} 25. Nc4 {[%emt 0:02:58]} Re7 {[%emt 0:00:25]} 26. Rc1 {[%emt 0:01:10]} Bxa1 {[%emt 0:00:12]} 27. Rxa1 {[%emt 0:00:03]} Nd5 {[%emt 0:00:22]} 0-1